000 00573nam a22001577a 4500
003 OSt
005 20151102155134.0
008 151102b xxu||||| |||| 00| 0 eng d
040 _cRUA
082 _aFOR សួន 1995 B120 Or.1
100 _93205
_aសួន ផល្លា
245 _aប្រសិទ្ធភាពសេដ្ឋកិច្ចនៃការនាំចេញផលិតផលសំរេចនៅព្រះរាជណាចក្រកម្ពុជា
260 _aPhnom Penh
_bRUA
_c1995
300 _a81p.
_bill.
_c29cm.
942 _2ddc
_cFOR
999 _c2992
_d2992